Структурные особенности терминологии англоязычного научного экологического дискурса; Коммуникативные аспекты языка и культуры; Ч. 1

Détails bibliographiques
Parent link:Коммуникативные аспекты языка и культуры: сборник материалов XV Международной научно-практической конференции студентов и молодых ученых, г. Томск, 19-21 мая 2015 г./ Национальный исследовательский Томский политехнический университет (ТПУ) ; ред. кол. С. А. Песоцкая ; О. А. Казакова ; О. В. Седельникова.— , 2015
Ч. 1.— 2015.— [С. 187-190]
Auteur principal: Александрова В. А.
Collectivité auteur: Национальный исследовательский Томский политехнический университет (ТПУ) Институт международного образования и языковой коммуникации (ИМОЯК) Кафедра иностранных языков (ИЯ)
Autres auteurs: Захарова Е. О. Елена Олеговна (научный руководитель)
Résumé:Заглавие с титульного экрана
В статье рассматривается проблема структурной классификации терминов англоязычного научного экологического дискурса. Актуальность работы обусловлена важностью англоязычного научного общения, развитием экологической терминологии, потребностью в ее изучении и систематизации. Целью является проведение синтаксического и морфологического анализа на материале 100 терминов. В основу исследования положен метод лингвистического описания, включающий сбор, анализ, количественный подсчет, классификацию материала. Установлено соотношение терминов по количеству компонентов (38 % однокомпонентных, 62 % многокомпонентных, из них 83,9 % двухкомпонентные), выявлены типичные морфологические модели (наиболее частотные модели: adj+N и N+N). Результаты могут использоваться для переводческого анализа и в рамках преподавания переводоведения и стилистики.
The article deals with the structural classification of the terms occurring in English scientific ecological discourse. The research is relevant due to the prominence of English in international environmental science communication, development of eco-terminology and the need for that terminology to be organized. The purpose is to analyze 100 terms syntactically and morphologically. The method proposed is the linguistic description (including collection, analysis, quantification, classification of the material). The results: the proportions of simple and complex terms were identified (simple terms make 38 %, complex terms make 62 %, 83,9 % of them have two components) and the typical morphological models were found (the most typical modes are ADJ+N and N+N).
Langue:russe
Publié: 2015
Collection:Актуальные проблемы лексикологии, фразеологии
Sujets:
Accès en ligne:http://earchive.tpu.ru/handle/11683/18458
http://www.lib.tpu.ru/fulltext/c/2015/C77/V1/049.pdf
Format: Électronique Chapitre de livre
KOHA link:https://koha.lib.tpu.ru/cgi-bin/koha/opac-detail.pl?biblionumber=616211

MARC

LEADER 00000naa2a2200000 4500
001 616211
005 20231101132910.0
035 |a (RuTPU)RU\TPU\conf\14449 
035 |a RU\TPU\conf\14447 
090 |a 616211 
100 |a 20151218d2015 k y0rusy50 ca 
101 0 |a rus  |d eng 
102 |a RU 
105 |a y z 101zy 
135 |a drcn ---uucaa 
181 0 |a i  
182 0 |a b 
200 1 |a Структурные особенности терминологии англоязычного научного экологического дискурса  |d Structural features of English scientific ecological discourseterminology  |f В. А. Александрова  |g науч. рук. Е. О. Захарова 
203 |a Текст  |c электронный 
225 1 |a Актуальные проблемы лексикологии, фразеологии 
230 |a 1 компьютерный файл (pdf; 162 Кb) 
300 |a Заглавие с титульного экрана 
320 |a [Библиогр.: с. 190 (5 назв.)] 
330 |a В статье рассматривается проблема структурной классификации терминов англоязычного научного экологического дискурса. Актуальность работы обусловлена важностью англоязычного научного общения, развитием экологической терминологии, потребностью в ее изучении и систематизации. Целью является проведение синтаксического и морфологического анализа на материале 100 терминов. В основу исследования положен метод лингвистического описания, включающий сбор, анализ, количественный подсчет, классификацию материала. Установлено соотношение терминов по количеству компонентов (38 % однокомпонентных, 62 % многокомпонентных, из них 83,9 % двухкомпонентные), выявлены типичные морфологические модели (наиболее частотные модели: adj+N и N+N). Результаты могут использоваться для переводческого анализа и в рамках преподавания переводоведения и стилистики. 
330 |a The article deals with the structural classification of the terms occurring in English scientific ecological discourse. The research is relevant due to the prominence of English in international environmental science communication, development of eco-terminology and the need for that terminology to be organized. The purpose is to analyze 100 terms syntactically and morphologically. The method proposed is the linguistic description (including collection, analysis, quantification, classification of the material). The results: the proportions of simple and complex terms were identified (simple terms make 38 %, complex terms make 62 %, 83,9 % of them have two components) and the typical morphological models were found (the most typical modes are ADJ+N and N+N). 
337 |a Adobe Reader 
461 1 |0 (RuTPU)RU\TPU\conf\14267  |t Коммуникативные аспекты языка и культуры  |o сборник материалов XV Международной научно-практической конференции студентов и молодых ученых, г. Томск, 19-21 мая 2015 г.  |o в 3 ч.  |f Национальный исследовательский Томский политехнический университет (ТПУ) ; ред. кол. С. А. Песоцкая ; О. А. Казакова ; О. В. Седельникова  |d 2015 
463 0 |0 (RuTPU)RU\TPU\conf\14268  |t Ч. 1  |v [С. 187-190]  |d 2015 
510 1 |a Structural features of English scientific ecological discourseterminology  |z eng 
610 1 |a труды учёных ТПУ 
610 1 |a электронный ресурс 
610 1 |a структурные особенности 
610 1 |a терминология 
610 1 |a научный дискурс 
610 1 |a экология 
610 1 |a переводоведение 
700 1 |a Александрова  |b В. А. 
702 1 |a Захарова  |b Е. О.  |c лингвист  |c доцент Томского политехнического университета, кандидат филологических наук  |f 1981-  |g Елена Олеговна  |2 stltpush  |4 727 
712 0 2 |a Национальный исследовательский Томский политехнический университет (ТПУ)  |b Институт международного образования и языковой коммуникации (ИМОЯК)  |b Кафедра иностранных языков (ИЯ)  |h 7590  |2 stltpush  |3 (RuTPU)RU\TPU\col\21260 
801 2 |a RU  |b 63413507  |c 20210216  |g RCR 
856 4 |u http://earchive.tpu.ru/handle/11683/18458 
856 4 |u http://www.lib.tpu.ru/fulltext/c/2015/C77/V1/049.pdf 
942 |c BK